| 000 -LEADER |
| fixed length control field |
01536pab a2200205 454500 |
| 008 - FIXED-LENGTH DATA ELEMENTS--GENERAL INFORMATION |
| fixed length control field |
180718b2007 xxu||||| |||| 00| 0 eng d |
| 100 ## - MAIN ENTRY--PERSONAL NAME |
| Personal name |
Humphreys, Peter C. |
| 245 ## - TITLE STATEMENT |
| Title |
Leadership in a decentralized public service: some lessons from Ireland |
| 260 ## - PUBLICATION, DISTRIBUTION, ETC. |
| Date of publication, distribution, etc. |
2007 |
| 300 ## - PHYSICAL DESCRIPTION |
| Extent |
p.65-79. |
| 362 ## - DATES OF PUBLICATION AND/OR SEQUENTIAL DESIGNATION |
| Dates of publication and/or sequential designation |
Mar |
| 520 ## - SUMMARY, ETC. |
| Summary, etc. |
Building upon earlier `decentralization' initiatives to disperse geographically Irish civil service staff outside Dublin, a new government programme, announced in December 2003, will result in over half of all civil service posts, including some of the most senior officials and head offices, being located away from the capital. This unique initiative in European terms will raise significant leadership opportunities and challenges for the effective running of Ireland Inc. This article seeks to identify and analyse a number of these opportunities and challenges from a public service leadership perspective. In addition to a detailed literature review, the research analysed available data on previous national and international experience and involved in-depth discussions with senior managers and other stakeholders. It is argued that effective leadership is at a premium within the context of a geographically complex, decentralized civil and public service. - Reproduced. |
| 650 ## - SUBJECT ADDED ENTRY--TOPICAL TERM |
| Topical term or geographic name entry element |
Leadership - Ireland |
| 650 ## - SUBJECT ADDED ENTRY--TOPICAL TERM |
| Topical term or geographic name entry element |
Civil service - Ireland |
| 650 ## - SUBJECT ADDED ENTRY--TOPICAL TERM |
| Topical term or geographic name entry element |
Civil service |
| 700 ## - ADDED ENTRY--PERSONAL NAME |
| Personal name |
O'Donnell, Orla |
| 773 ## - HOST ITEM ENTRY |
| Main entry heading |
International Review of Administrative Sciences |
| 908 ## - PUT COMMAND PARAMETER (RLIN) |
| Put command parameter |
N |
| 909 ## - |
| -- |
73807 |